000 00300nam a22001337a 4500
008 181024b xxu||||| |||| 00| 0 eng d
020 _a9781309073964
041 _aeng
080 _a540
100 _a12
101 _aKIM
245 _aEKU Department of Chemistry
_cMc Graw Hill
942 _2udc
_cBK
999 _c50803
_d50803